Enciclopedia Espasa : (Record no. 94779)

MARC details
000 -CABECERA
campo de control de longitud fija 00578nam a2200181 a 4500
005 - FECHA Y HORA DE LA ÚLTIMA TRANSACCIÓN
campo de control 20210223124846.0
008 - ELEMENTOS DE LONGITUD FIJA--INFORMACIÓN GENERAL
campo de control de longitud fija 030306s2000 es r 000 0 spa d
020 ## - NÚMERO INTERNACIONAL NORMALIZADO PARA LIBROS
Número Internacional Estándar del Libro 8423993256
035 ## - NÚMERO DE CONTROL DEL SISTEMA
Número de control de sistema UPN01000122594
049 ## - COLECCIÓN
Colección C
050 #4 - SIGNATURA TOPOGRÁFICA DE LA BIBLIOTECA DEL CONGRESO
Número de clasificación AE61
Número de documento/Ítem C3.38
100 1# - ASIENTO PRINCIPAL--NOMBRE PERSONAL
Nombre de persona Castellano, Philippe
245 10 - MENCIÓN DE TÍTULO
Título Enciclopedia Espasa :
Resto del título historia de una aventura editorial /
Mención de responsabilidad, etc. Philippe Castellano ; tr. Caty Orero Sáez de Tejada.
260 ## - PUBLICACIÓN, DISTRIBUCIÓN, ETC.
Lugar de publicación, distribución, etc. Madrid :
Nombre del editor, distribuidor, etc. Espasa Calpe,
Fecha de publicación, distribución, etc. c2000.
300 ## - DESCRIPCIÓN FÍSICA
Extensión 582 p. :
Otras características físicas il. col.
650 #4 - ASIENTO SECUNDARIO DE MATERIA - TERMINO TEMATICO
Término de materia o nombre geográfico como elemento de entrada ENCICLOPEDIAS Y DICCIONARIOS -
Subdivisión general ESPAÑOL
9 (RLIN) 21045
905 ## - TIPO DE MATERIAL
Tipo de material Libro
Holdings
Estado de retiro Estado de pérdida Fuente del sistema de clasificación o colocación Estado dañado No para préstamo Código de colección Localización permanente Ubicación/localización actual Ubicación en estantería Total de préstamos Clasificación Código de barras Fecha visto por última vez Número de copia Tipo de ítem Koha
    Library of Congress Classification   Consulta Consulta Bib. Gregorio Torres Quintero Bib. Gregorio Torres Quintero Sala de lectura Sótano   AE61 C3.3 191378 31/12/2020 1 Libro